Načítá se...
Modern approach to verbal reasoning
| Hlavní autor: | |
|---|---|
| Médium: | Printed Book |
| Vydáno: |
New Delhi
S.Chand and Company
2007
|
| Témata: |
| LEADER | 00459nam a22001337a 4500 | ||
|---|---|---|---|
| 020 | |a 9788121905527 | ||
| 082 | |a 153.43 |b AGG/M | ||
| 100 | |a Aggarwal,R.S | ||
| 245 | |a Modern approach to verbal reasoning | ||
| 260 | |a New Delhi |b S.Chand and Company |c 2007 | ||
| 650 | |a Verbal reasoning | ||
| 942 | |c BK | ||
| 999 | |c 42940 |d 42940 | ||
| 952 | |0 0 |1 0 |4 0 |6 153_430000000000000_AGGM |7 0 |8 Stack |9 46833 |a KUCL |b KUCL |c Stack |d 2016-12-09 |g 350.00 |l 0 |o 153.43 AGG/M |p G1853 |r 2016-12-09 |w 2016-12-09 |y BK | ||